[Event "Crespi d'Adda Cup"]
[Site "Capriate San Gervasio"]
[Date "2015.05.30"]
[Round "2"]
[White "Prete, Alessandro"]
[Black "Vezzosi, Paolo"]
[Result "0-1"]
[WhiteElo "1948"]
[BlackElo "2344"]
[PlyCount "110"]
[EventDate "2015.05.29"]
[EventType "swiss"]
[EventRounds "5"]
[EventCountry "ITA"]
[SourceTitle "EXT 2017"]
[Source "ChessBase"]
[SourceDate "2016.10.25"]
[SourceVersion "1"]
[SourceVersionDate "2016.10.25"]
[SourceQuality "1"]

1. d4 Nf6 2. Nf3 b5 3. e3 a6 4. Bd3 Bb7 5. Nbd2 e6 6. 0-0 c5 7. c3 Nc6 8. Re1 Qb6 9. dxc5 Bxc5 10. b4 Be7 11. a4 0-0 12. e4 d6 13. Qe2 Rfb8 14. Nb3 bxa4 15. Be3 Qc7 16. Rxa4 a5 17. b5 Ne5 18. Nxe5 dxe5 19. Qc2 Rd8 20. f3 Nd7 21. Bf1 Bb4 22. Rc1 Rac8 23. c4 Nb6 24. Bxb6 Qxb6+ 25. c5 Rd2 26. Qc4 Bxc5+ 27. Nxc5 Rd4 28. Qa2 Rxc5 29. Rxc5 Qxc5 30. Qf2 Qb6 31. f4 f6 32. fxe5 fxe5 33. Rxd4 Qxd4 34. Qxd4 exd4 35. Bc4 Kf7 36. e5 a4 37. Kf2 Ke7 38. b6 a3 39. Ke2 Bxg2 40. Kd3 Bf1+ 41. Kxd4 Bxc4 42. b7 a2 43. b8Q a1Q+ 44. Kxc4 Qa2+ 45. Kc3 Qd5 46. Qc7+ Kf8 47. h4 Qf3+ 48. Kd4 Qf4+ 49. Kc5 Qc1+ 50. Kd6 Qxc7+ 51. Kxc7 Ke7 52. h5 g5 53. hxg6 hxg6 54. Kc6 g5 55. Kc5 Kf7 0-1